MDQL
is popping MORE tags! Check the
thread
!
Quizzes
Events
Quiz Creation
Community
Videos
Private Events
Remove Ads
Sign In
Join for FREE
Feedback
Dark Mode
Quiz Categories
Sports
Geography
Music
Movies
Television
Just For Fun
Miscellaneous
History
Literature
Language
Science
Gaming
Entertainment
Religion
Holiday
For Kids
Quiz Lab
Recent
Popular Today
Quiz Kudos Today
Editor Picks
Curator Picks
Quizzes by...
Day
Popularity
Type
Ratings
Length
Year
Community
Subscriptions
Recent Discussions
Orange Saloon
Badges
Playlists
Quests
Create
Leaderboards
Showdown
Live 5
Trivia Bingo
Activity
Puzzle Library
Sporcle Events
Private Events
Virtual Trivia
Globe League
Become a Host
Pub Owners
SporcleCon
Opinionation
Our Games
Videos
Blog
Mobile Apps
Partnerships
Remove Ads and Go Orange
Feedback
Geography
Country
Landmarks
City
State
Population
World
Capital
Continent
Flags
Europe
Africa
Asia
South America
North America
Oceania
Border
Canada
United Kingdom
Topography
United States
Geography
Country
Landmarks
City
State
Population
World
Capital
Continent
Flags
Europe
Africa
Asia
South America
North America
Oceania
Border
Canada
United Kingdom
Topography
United States
Random Quiz
Search Sporcle
×
Quiz Lab
Quiz Lab
Geography
route
Type in answers that appear in a list
Type in answers that appear in a list
Classic
Best Score? Go Orange.
Miami Airport Top Routes International & Domestic Stats
Can you name the Miami Airport top Domestic/International routes?
By
flymia
6m
25 Questions
509 Plays
509 Plays
509 Plays
Comments
Comments
Give Quiz Kudos
Give Quiz Kudos
-
- Ratings
hide this ad
More Info
Replay
Link that replays current quiz
Next Quiz
Link to next quiz in quiz playlist
You Got
0%
They Got
Avg Score
68%
Avg Friend Score
Upgrade to see
Score Distribution
Jump to the score distribution portion of the page
Score
0/25
Timer
06:00
0
Plays Today
Passengers per year
Airport
% Correct
992,530
London Heathrow
95.6%
535,000
John F. Kennedy International Airport New York
94.5%
527,000
Los Angeles International Airport
93.6%
414,406
Paris Charles de Gaulle
89.9%
665,000
O'Hare International Airport Chicago
88.2%
605,000
Dallas-Ft Worth International Airport
88.2%
830,000
Hartsfield–Jackson Atlanta International Airport
86.4%
861,000
New York LaGuardia
84.2%
762,079
Mexico City International Airport
83.3%
848,356
São Paulo Guarulhos
82.1%
431,000
Orlando International Airport
78.7%
448,000
Ronald Reagan Washington National Airport
76.9%
861,429
Ministro Pistarini International Airport Buenos Aires
75.8%
Passengers per year
Airport
% Correct
679,376
El Dorado International Airport Bogota
75.5%
599,028
Madrid–Barajas
74.5%
601,357
Cancún International Airport
73.6%
387,000
Charlotte Douglas International Airport
72.1%
438,000
Newark
69.2%
494,441
Toronto Pearson International Airport
69%
513,906
Santiago
68.3%
719,240
Jorge Chávez International Airport Lima
67.6%
380,500
Nassau
63.8%
689,504
Tocumen International Airport Panama City
55.5%
375,106
Santo Domingo
53%
529,896
Caracas
52.6%
Quiz Playlist
Details
Report
Send in Message
Add To Playlist
More Info:
Updated August 2014!
Classic:
Type in answers that appear in a list
Quiz Source
Last Updated: Oct 19, 2017
Quiz Scoreboard
CHALLENGE
Sign Up to Join the Scoreboard
Show All
Scores
Hide
Comments
May contain spoilers
Recently Published
Holiday 10x10 Sorting Gallery
by lukepisani3
Holiday
15m
Two Season TV Shows II
by 123Four
Television
10m
Image Sorting: Flags VI
by Barbecue
Geography
2m
More to Explore
Quiz From the Vault
Featured Blog Post
14 Easter Pick-up Lines to Find Eggs With
hide this ad
You Might Also Like...
Tags
Airline
Airline Routes
Airlines Serving
airport
Aviation
domestic
Flying
Miami
Passenger
route
Today's Top Quizzes in Geography
Browse Geography
hide this ad
Today's Top Quizzes in route
Browse route
Top Contributed Quizzes in Geography
1
Colored Red Europe Blitz I
2
Countries of the World - No Outlines Minefield
3
Colored Red Africa Blitz II
4
Colored Red Europe Blitz II
5
Colored Red Europe Blitz III
6
Colored Red Africa Blitz III
7
Colored Red States Blitz I
8
A Different View: World Oceans
9
Colored Red States Blitz II
10
Colored Red States Blitz III
Explore More
Trending Topics
Harry Potter
Kpop
Anime
Disney
Crossword
NBA
Marvel
Country
NFL
The Office
Puzzle
Soccer
Pokémon
Song
WWE
hide this ad
More By:
flymia
Quiz
Plays
Rating
Category
Featured
Created
US Airports with European Service 2017
3,916
2.08
Geography
Sep 29, 2010
Top 40 US International Airports
1,704
4.20
Miscellaneous
Nov 10, 2010
US Airports Most International Passegers
1,460
3.62
Miscellaneous
Oct 19, 2010
Destinations From MIA
852
3.00
Geography
Apr 19, 2010
Miami Airport Top Routes International & Domestic
509
5.00
Geography
Mar 29, 2012
Go to Creator's Profile
Score Distribution
Quiz Creator Spotlight
flymia
Follow
Send a Message
Quizzes Created
-
Created Quiz Play Count
-
More By This Creator
Popular Quizzes Today
1
Find the US States - No Outlines Minefield
2
Colored Red Africa Blitz
3
Find the 'City' Movie
4
The Countries of the World
5
Find the US States
6
5x2 Blitz: Bands
7
Find the Countries of Europe - No Outlines Minefield
8
US States
More Geography Quizzes
Former Soviet States
Published
Trending Quizzes
Colored Red Europe Blitz I
Colored Red Europe Blitz II
Colored Red Africa Blitz II
Colored Red Europe Blitz III
Colored Red Africa Blitz III
Recently Updated
Odd Team Out - Big 4 Players
pecheneg
Quick Pick: 20 Twenties
pecheneg
March Madness Men's Triple Doubles
pecheneg
How Do You Spell That?
pecheneg
Godzilla Movies
pecheneg
Grab Bag: 4-10 Letters
pecheneg
2024 March Madness Bracket
pecheneg
Famous TV Couples
Peacemaker
Champions League XIs: Real Madrid
pecheneg
Largest US Cities 1790-2010
pecheneg
Trending Topics
Disney
Crossword
Marvel
Harry Potter
NBA
Anime
Kpop
Country
The Office
Pokémon
Puzzle
Song
Soccer
NFL
WWE
Your Account Isn't Verified!
In order to create a playlist on Sporcle, you need to verify the email address you used during registration. Go to your
Sporcle Settings
to finish the process.
Report this User
Report this user for behavior that violates our
Community Guidelines
.
Details:
Send Report
Go to the Sporcle.com Mobile Site →
Comments